[Event "4th Chessfestival Gredine 2018"]
[Site "Ortisei"]
[Date "2018.06.17"]
[Round "2.18"]
[White "Volkov, Dmitriy"]
[Black "Wecker, Martin"]
[Result "1/2-1/2"]
[WhiteElo "2334"]
[BlackElo "2143"]
[Annotator "NA"]
[PlyCount "76"]
[EventDate "2018.06.16"]
[EventType "swiss"]
[EventCountry "ITA"]
[SourceTitle "playchess.com"]
[Source "ChessBase"]
[SourceQuality "1"]
[TimeControl "40/5400+30:1800+30"]

1. e4 {[%emt 0:00:30]} c5 {[%emt 0:01:00]} 2. Nf3 {[%emt 0:00:00]} e6 {[%emt 0:00:00]} 3. d4 {[%emt 0:00:00]} cxd4 {[%emt 0:00:00]} 4. Nxd4 {[%emt 0:00:00]} Nc6 {[%emt 0:00:00]} 5. Nc3 {[%emt 0:00:00]} Qc7 {[%emt 0:00:00]} 6. Be3 {[%emt 0:00:00] LiveBook: 7353 Games} a6 {[%emt 0:00:00]} 7. Qf3 {[%emt 0:00:00] B48: Sizilianisch (Paulsen-Variante)} Bd6 {[%emt 0:00:00]} (7... Nf6 8. O-O-O Ne5 9. Qg3 b5 10. a3 Bb7 11. Bxb5 Rc8 12. Ba4 Nxe4 13. Nxe4 Bxe4 14. Bf4 Qc4 15. Bxe5 Qxa4 {1-0 (38) Vachier Lagrave,M (2789)-Anand,V (2776) Karlsruhe/Baden-Baden 2018}) 8. O-O-O {[%emt 0:00:30]} Be5 {[%emt 0:00:30]} 9. Nxc6 {[%emt 0:00:00]} bxc6 {[%emt 0:06:30]} 10. Bd4 {[%emt 0:00:00]} Nf6 {[%emt 0:08:30]} 11. Bxe5 {[%emt 0:00:30]} Qxe5 {[%emt 0:00:30]} 12. Qe3 {[%emt 0:00:00]} O-O {[%emt 0:02:30]} 13. Be2 {[%emt 0:24:00]} d5 {[%emt 0:06:30]} 14. f4 $146 {[%emt 0:10:30]} ({Vorgänger:} 14. Qg3 Qb8 15. Qxb8 Rxb8 {½-½ (48) Schmidt,A (2380)-Kamp,S (2220) ICCF email 2009}) 14... Qc7 {[%emt 0:00:30]} 15. Bf3 {[%emt 0:00:30]} Bb7 {[%emt 0:03:30]} 16. Rhe1 {[%emt 0:05:30]} Rfe8 {[%emt 0:13:30]} 17. e5 {[%emt 0:14:30]} Nd7 {[%emt 0:00:30]} 18. Na4 {[%emt 0:00:30]} c5 {[%emt 0:05:30]} 19. c4 {[%emt 0:07:30]} d4 $17 {[%emt 0:03:30]} ({Much worse is} 19... dxc4 $6 20. Rxd7 Qxd7 21. Nxc5 $14) 20. Qe2 {[%emt 0:00:30]} Rab8 {[%emt 0:13:30]} 21. Bxb7 {[%emt 0:03:30]} Rxb7 {[%emt 0:00:30]} 22. b3 {[%emt 0:00:30]} f6 {[%emt 0:05:30]} 23. Rd3 {[%emt 0:01:30]} fxe5 {[%emt 0:03:30]} 24. fxe5 {[%emt 0:00:00]} Rf8 {[%emt 0:01:30]} 25. Rf3 {[%emt 0:01:00]} Rbb8 {[%emt 0:02:30]} 26. Rxf8+ {[%emt 0:04:30]} Rxf8 {[%emt 0:00:30]} 27. Nb2 {[%emt 0:00:30]} a5 {[%emt 0:06:24]} 28. Kc2 {[%emt 0:03:30]} Rf5 {[%emt 0:00:55]} 29. Nd3 {[%emt 0:00:00]} a4 {[%emt 0:00:39]} 30. Rf1 {[%emt 0:03:00]} axb3+ {[%emt 0:02:12]} 31. axb3 {[%emt 0:00:00]} Rxf1 {[%emt 0:01:33]} 32. Qxf1 {[%emt 0:00:00]} Qa5 {[%emt 0:00:34]} 33. Kb2 {[%emt 0:02:30]} Qc3+ {[%emt 0:00:40]} 34. Ka2 {[%emt 0:00:00]} Qd2+ {[%emt 0:02:11]} 35. Ka3 {[%emt 0:01:00]} Qa5+ {[%emt 0:00:24]} 36. Kb2 {[%emt 0:00:00]} Qc3+ {[%emt 0:00:22]} 37. Ka2 {[%emt 0:00:00]} Qd2+ {[%emt 0:00:05]} 38. Ka3 {[%emt 0:00:00]} Qa5+ {[%emt 0:00:11]} 1/2-1/2

[Event "4th Chessfestival Gredine 2018"]
[Site "Ortisei"]
[Date "2018.06.17"]
[Round "2.19"]
[White "Stelzer, Harald"]
[Black "Hansson, Hakan"]
[Result "0-1"]
[WhiteElo "2227"]
[BlackElo "1978"]
[Annotator "NA"]
[PlyCount "98"]
[EventDate "2018.06.16"]
[EventType "swiss"]
[EventCountry "ITA"]
[SourceTitle "playchess.com"]
[Source "ChessBase"]
[SourceQuality "1"]
[TimeControl "40/5400+30:1800+30"]

1. e4 {[%emt 0:00:30]} e6 {[%emt 0:02:00]} 2. d4 {[%emt 0:00:00]} d5 {[%emt 0:00:30]} 3. Nc3 {[%emt 0:02:00]} Nf6 {[%emt 0:00:30]} 4. e5 {[%emt 0:00:30]} Nfd7 {[%emt 0:01:30]} 5. f4 {[%emt 0:00:30]} g6 {[%emt 0:07:30] C11: Französische Verteidigung} (5... c5 6. Nf3 Nc6 7. Be3 cxd4 8. Nxd4 Qb6 9. Qd2 Qxb2 10. Rb1 Qa3 11. Bb5 Nxd4 12. Bxd4 a6 13. Bxd7+ Bxd7 14. Rb3 Qe7 15. Rxb7 Rc8 16. f5 exf5 17. O-O Qd8 18. Qf2 Rc4 19. Rfb1 {1-0 (41) Nepomniachtchi,I (2751)-Sutovsky,E (2647) Poikovsky 2018}) 6. Nf3 {[%emt 0:01:30]} a6 {[%emt 0:01:30]} 7. Be3 {[%emt 0:01:30]} c5 {[%emt 0:04:30]} 8. Qd2 {[%emt 0:00:30]} Nc6 {[%emt 0:05:30]} 9. Nd1 {[%emt 0:03:30]} c4 {[%emt 0:04:30]} 10. Nf2 $146 {[%emt 0:00:30]} ({Vorgänger:} 10. Be2 b5 11. O-O Nb6 12. c3 Bd7 13. Bf2 Qc7 14. Ne3 O-O-O 15. Bh4 Be7 16. Bf6 Bxf6 17. exf6 {1-0 (40) Hebden,M (2455)-Guigonis,D (2325) France 1989}) 10... b5 {[%emt 0:05:30]} 11. g4 {[%emt 0:02:30]} Bb4 {[%emt 0:16:30]} 12. c3 {[%emt 0:00:30]} Be7 {[%emt 0:00:30]} 13. f5 {[%emt 0:01:30]} ({Better is} 13. g5 $16) 13... gxf5 {[%emt 0:01:30]} 14. gxf5 {[%emt 0:00:00]} exf5 {[%emt 0:00:30]} 15. Bh3 {[%emt 0:06:00]} Nf8 {[%emt 0:10:30]} 16. O-O {[%emt 0:03:30]} Be6 {[%emt 0:00:30]} 17. Bg2 {[%emt 0:02:30]} Qd7 {[%emt 0:00:30]} 18. Nh3 {[%emt 0:00:00]} O-O-O {[%emt 0:01:30]} 19. b4 {[%emt 0:05:00]} Ng6 {[%emt 0:01:30]} 20. a4 $11 {[%emt 0:00:30]} Kb7 {[%emt 0:00:30]} 21. Nf4 {[%emt 0:11:30]} Nxf4 {[%emt 0:08:30]} 22. Bxf4 {[%emt 0:01:30]} Rhg8 {[%emt 0:02:30]} 23. Kh1 {[%emt 0:00:30]} Ra8 {[%emt 0:03:30]} 24. Ne1 {[%emt 0:09:30]} Qd8 {[%emt 0:03:47]} 25. Nc2 {[%emt 0:03:30]} Qd7 {[%emt 0:02:45]} 26. Ne3 {[%emt 0:00:30]} Rad8 {[%emt 0:00:54]} 27. Bh3 {[%emt 0:02:30]} Ra8 {[%emt 0:01:23]} 28. Ra2 {[%emt 0:10:30]} Rgd8 {[%emt 0:02:24]} 29. Nc2 {[%emt 0:15:13]} Rg8 {[%emt 0:00:22]} 30. Qe2 {[%emt 0:00:59]} bxa4 {[%emt 0:03:30]} 31. Ne3 {[%emt 0:04:03]} Na7 {[%emt 0:01:12]} 32. Qc2 {[%emt 0:02:36]} Nb5 {[%emt 0:01:26]} 33. Bg2 {[%emt 0:04:12]} Qc6 {[%emt 0:02:48]} 34. Raa1 {[%emt 0:02:31]} a3 {[%emt 0:00:47]} 35. Nxf5 {[%emt 0:00:54]} Bxf5 {[%emt 0:01:46]} 36. Qxf5 {[%emt 0:00:03]} Qe6 {[%emt 0:00:12]} 37. Qc2 {[%emt 0:01:03]} Raf8 {[%emt 0:00:48]} 38. Bc1 {[%emt 0:00:52]} Rg6 {[%emt 0:00:41]} 39. Bxa3 {[%emt 0:00:55]} Nxa3 {[%emt 0:00:12]} 40. Rxa3 {[%emt 0:00:21]} Rfg8 {[%emt 0:30:58]} 41. Bf3 {[%emt 0:00:48]} Kb8 {[%emt 0:00:00]} 42. Raa1 {[%emt 0:12:30]} Bg5 {[%emt 0:00:00]} 43. b5 {[%emt 0:01:30]} Qh3 {[%emt 0:00:00]} 44. Bxd5 {[%emt 0:10:46]} Be3 {[%emt 0:00:00]} 45. Qe2 {[%emt 0:04:31]} a5 {[%emt 0:00:00]} 46. Rae1 {[%emt 0:00:23]} Rg3 {[%emt 0:01:16]} 47. e6 {[%emt 0:03:09]} fxe6 {[%emt 0:01:54]} 48. Bxe6 {[%emt 0:01:33]} Qxe6 {[%emt 0:00:05]} 49. Qh5 {[%emt 0:01:11]} Qe4+ {[%emt 0:00:21]} 0-1

[Event "4th Chessfestival Gredine 2018"]
[Site "Ortisei"]
[Date "2018.06.17"]
[Round "2.20"]
[White "Sarvadh Sathiaram"]
[Black "Wiesinger, Robert"]
[Result "0-1"]
[WhiteElo "1974"]
[BlackElo "2199"]
[Annotator "NA"]
[PlyCount "94"]
[EventDate "2018.06.16"]
[EventType "swiss"]
[EventCountry "ITA"]
[SourceTitle "playchess.com"]
[Source "ChessBase"]
[SourceQuality "1"]
[TimeControl "40/5400+30:1800+30"]

1. e4 {[%emt 0:00:30]} e5 {[%emt 0:01:00]} 2. Nf3 {[%emt 0:00:00]} Nc6 {[%emt 0:00:00]} 3. Bc4 {[%emt 0:00:00]} Bc5 {[%emt 0:00:00]} 4. c3 {[%emt 0:00:00]} Nf6 {[%emt 0:00:30]} 5. d4 {[%emt 0:00:00]} exd4 {[%emt 0:00:30]} 6. e5 {[%emt 0:00:30]} d5 {[%emt 0:01:30]} 7. Bb5 {[%emt 0:00:00]} Ne4 {[%emt 0:00:30]} 8. cxd4 {[%emt 0:00:00]} Bb6 {[%emt 0:00:30]} 9. h3 {[%emt 0:00:30]} O-O {[%emt 0:02:30]} 10. O-O {[%emt 0:00:00]} Ne7 {[%emt 0:11:30]} 11. Be3 {[%emt 0:03:00]} Ng6 {[%emt 0:07:30]} 12. Nc3 {[%emt 0:04:30]} Bf5 {[%emt 0:04:30]} 13. Bd3 {[%emt 0:09:30]} c6 {[%emt 0:05:30]} 14. Bxe4 {[%emt 0:02:30]} Bxe4 {[%emt 0:06:30]} 15. Ng5 {[%emt 0:05:30]} h6 {[%emt 0:30:30]} 16. Ngxe4 {[%emt 0:00:30]} dxe4 {[%emt 0:00:00]} 17. Nxe4 {[%emt 0:00:30]} Qd5 {[%emt 0:04:00]} 18. Nc3 {[%emt 0:08:30]} Qd7 {[%emt 0:07:36]} 19. Qd2 {[%emt 0:03:30]} Rad8 {[%emt 0:02:04]} 20. Rad1 {[%emt 0:03:30]} Ne7 {[%emt 0:01:24]} 21. g4 {[%emt 0:14:30]} Nd5 {[%emt 0:02:54]} 22. Ne4 {[%emt 0:05:30]} f5 {[%emt 0:01:23]} 23. exf6 {[%emt 0:06:30]} Nxf6 {[%emt 0:00:09]} 24. Ng3 {[%emt 0:03:30]} Qd5 {[%emt 0:05:05]} 25. Bxh6 {[%emt 0:07:30]} Ne4 {[%emt 0:02:51]} 26. Nxe4 {[%emt 0:01:30]} Qxe4 {[%emt 0:00:09]} 27. Rfe1 {[%emt 0:10:08]} Qh7 {[%emt 0:02:26]} 28. Bg5 {[%emt 0:06:38]} Rxd4 {[%emt 0:00:02]} 29. Qc3 {[%emt 0:03:19]} Rxd1 {[%emt 0:01:15]} 30. Rxd1 {[%emt 0:00:33]} Bxf2+ {[%emt 0:00:29]} 31. Kh2 {[%emt 0:00:23]} Qe4 {[%emt 0:00:25]} 32. Rd7 {[%emt 0:01:38]} Bd4 {[%emt 0:00:37]} 33. Qxd4 {[%emt 0:01:11]} Qe2+ {[%emt 0:00:18]} 34. Kg3 {[%emt 0:00:22]} Qe1+ {[%emt 0:00:40]} 35. Kg2 {[%emt 0:00:10]} Qf1+ {[%emt 0:00:33]} 36. Kh2 {[%emt 0:01:02]} Qe2+ {[%emt 0:00:24]} 37. Kg3 {[%emt 0:00:32]} Qe1+ {[%emt 0:00:03]} 38. Kg2 {[%emt 0:00:19]} Qf1+ {[%emt 0:00:31]} 39. Kh2 {[%emt 0:00:32]} Rf2+ {[%emt 0:00:38]} 40. Qxf2 {[%emt 0:00:19]} Qxf2+ {[%emt 0:30:02]} 41. Kh1 {[%emt 0:00:24]} Qxb2 {[%emt 0:00:00]} 42. Rd2 {[%emt 0:04:30]} Qe5 {[%emt 0:00:00]} 43. h4 {[%emt 0:02:30]} Qe4+ {[%emt 0:00:00]} 44. Kh2 {[%emt 0:00:30]} Qxg4 {[%emt 0:00:00]} 45. Rd8+ {[%emt 0:01:30]} Kh7 {[%emt 0:00:00]} 46. Rb8 {[%emt 0:01:30]} Qe2+ {[%emt 0:00:00]} 47. Kh1 {[%emt 0:00:30]} c5 {[%emt 0:00:00]} 0-1

[Event "4th Chessfestival Gredine 2018"]
[Site "Ortisei"]
[Date "2018.06.18"]
[Round "3.1"]
[White "Gholami, Aryan"]
[Black "Vocaturo, Daniele"]
[Result "1-0"]
[WhiteElo "2490"]
[BlackElo "2608"]
[Annotator "TA"]
[PlyCount "115"]
[EventDate "2018.06.16"]
[EventType "swiss"]
[EventCountry "ITA"]
[SourceTitle "playchess.com"]
[Source "ChessBase"]
[SourceQuality "1"]

{[%evp 11,115,21,33,-1,0,0,-5,-4,0,0,0,-8,34,26,18,27,64,37,50,63,39,0,0,-9,20,20,20,19,27,27,38,42,42,38,38,42,42,42,38,45,34,41,19,0,0,0,0,0,0,0,62,62,160,159,219,212,227,154,138,150,150,50,50,50,50,50,50,50,54,51,54,54,52,51,154,159,145,159,262,258,320,320,320,320,277,272,253,265,326,298,295,292,524,525,650,646,585,431,560,363,751,751,4137,4137,4137,4137]} 1. Nf3 Nf6 2. g3 g6 3. b3 Bg7 4. Bb2 O-O 5. Bg2 d5 6. c4 Nc6 {LiveBook: 29 Partien. A05: Übergänge in verschiedene Eröffnungen} 7. d3 Re8 8. cxd5 Nxd5 {Die Stellung ist ausgeglichen.} 9. Bxg7 Kxg7 10. Qd2 e5 11. O-O Nd4 12. Nxd4 exd4 13. Qb2 Nf6 14. Na3 Rb8 15. Rac1 Qe7 16. b4 Qxe2 17. Qxd4 c6 18. Nc4 Qe7 19. Qxa7 Bf5 20. Qa3 Rbd8 21. Rfd1 Nd5 22. Qb2+ Qf6 23. Qxf6+ Kxf6 24. a3 {[%cal Ba2a3,Ba3a4][%mdl 32]} Re7 25. d4 Nc7 26. a4 Red7 27. Nb6 (27. Na5 {with more complications.} Ne6 28. d5 cxd5 29. Rd2 g5 30. Rcd1) 27... Rxd4 28. Rxd4 Rxd4 29. b5 cxb5 30. Bxb7 bxa4 (30... b4 $11 31. Rxc7 b3) 31. Rxc7 $14 Be6 (31... a3 $14 32. Bd5 Rd1+ 33. Kg2 Be4+ 34. Bxe4 a2) 32. Bc8 $1 $16 {[%cal Rc8e6]} Bb3 (32... Rb4 $16 {ist eine bessere Verteidigung.}) 33. Ra7 $1 $18 g5 34. g4 Ke5 35. Bd7 Rd6 36. Nxa4 (36. Nc8 $16 Rd1+ 37. Kg2) 36... Rd1+ $1 $14 37. Kg2 Bd5+ 38. f3 Rd2+ $1 39. Kg3 Rd3 $1 40. Ra5 {Schwarz muss nun Sb6 beachten.} Rxf3+ 41. Kg2 {Und weiter mit Txd5+! wäre nett.} Ra3+ 42. Kf2 Kd4 {[#]} (42... Ra2+ $14 43. Ke3 Ra3+ 44. Kf2 Ra2+ 45. Ke3 Ra3+ 46. Kd2 Kd4) 43. Rb5 $1 $16 Rf3+ 44. Kg1 {zielt auf Sb6 ab.} Rd3 {[#]} (44... Ra3 $16 45. Rb1 Be4 46. Rd1+ Rd3 47. Rxd3+ Bxd3) 45. Nb6 $1 $18 Bf3 46. Rxg5 Rd2 47. Rf5 Be4 48. Rxf7 {Und Lf5 würde nun gewinnen.} Rg2+ 49. Kf1 Rxh2 {beabsichtigt ...Th6.} 50. Bf5 {Droht stark Td7+.} Bf3 51. Re7 h5 $2 (51... Rg2 52. Rxh7 Ke3 53. Nc4+ Kf4) 52. g5 {[%cal Bg4g5,Bg5g6][%mdl 32]} Rg2 53. g6 Rg5 54. Rf7 h4 55. Bc2 Bh5 $2 (55... Bg4 56. Rf4+ Kc5 57. Na4+ Kd6) 56. Rf5 {Weiß steht klar auf Gewinn.} Rxf5+ 57. Bxf5 Bxg6 58. Bxg6 {Precision: Weiß = 72%, Schwarz = 48%.} 1-0

[Event "4th Chessfestival Gredine 2018"]
[Site "Ortisei"]
[Date "2018.06.18"]
[Round "3.2"]
[White "Santos Latasa, Jaime"]
[Black "Jaracz, Pawel"]
[Result "1-0"]
[WhiteElo "2567"]
[BlackElo "2467"]
[Annotator "TA"]
[PlyCount "53"]
[EventDate "2018.06.16"]
[EventType "swiss"]
[EventCountry "ITA"]
[SourceTitle "playchess.com"]
[Source "ChessBase"]
[SourceQuality "1"]

{[%evp 18,53,27,14,35,3,64,10,106,125,128,102,107,122,176,177,225,225,225,229,213,177,176,182,177,170,171,175,371,379,840,854,842,834,785,762,794,783]} 1. e4 e5 2. Nf3 Nc6 3. Bb5 a6 4. Ba4 Nf6 5. O-O Nxe4 6. d4 b5 7. Bb3 d5 8. dxe5 Be6 9. Qe2 Nc5 10. Rd1 {LiveBook: 21 Partien} Qd7 {C81: Spanische Partie (Offene Verteidigung/Keres System)} 11. Be3 Be7 {[#]} (11... Nxb3 $11 12. axb3 Be7) 12. c4 $1 {[%mdl 512]} bxc4 {[#]} (12... Nxb3 $11 13. axb3 O-O) 13. Bxc4 $1 $16 {[%mdl 512] zielt auf Sc3 ab.} Na5 {[#]} (13... dxc4 14. Rxd7) 14. Bxd5 $1 {[%mdl 512]} Bxd5 15. Nc3 Bxf3 (15... c6 $16) 16. Qxf3 $18 Qc6 {Droht ...Dxf3 und aus.} 17. Nd5 Ne6 18. Rac1 Qb7 {[#]} 19. Rxc7 $1 {[%mdl 512]} Nxc7 20. Nxc7+ Qxc7 21. Qxa8+ Bd8 22. Bg5 $36 {[%cal Rd1d8][%mdl 2048] Läuft bei Weiss.} ({Natürlich nicht} 22. Qxa6 $6 O-O $11) 22... f6 $2 (22... O-O 23. Rxd8 Rxd8 24. Qxd8+ Qxd8 25. Bxd8 Nc4) 23. exf6 {[%cal Be5f6,Bf6g7][%mdl 32]} Nb7 $2 (23... O-O 24. Qd5+ (24. Qxa6 Bxf6 25. Bxf6 Rxf6 $11) 24... Qf7 25. Qxf7+ Kxf7 26. fxg7 Kxg7) 24. fxg7 {Weiß steht klar auf Gewinn.} Rg8 25. Bxd8 Nxd8 26. Qe4+ Qe7 27. Qa4+ {Precision: Weiß = 68%, Schwarz =  9%.} 1-0

[Event "4th Chessfestival Gredine 2018"]
[Site "Ortisei"]
[Date "2018.06.18"]
[Round "3.4"]
[White "Moroni, Luca Jr"]
[Black "Solomon, Kenny"]
[Result "1/2-1/2"]
[WhiteElo "2549"]
[BlackElo "2419"]
[Annotator "TA"]
[PlyCount "229"]
[EventDate "2018.06.16"]
[EventType "swiss"]
[EventCountry "ITA"]
[SourceTitle "playchess.com"]
[Source "ChessBase"]
[SourceQuality "1"]

{[%evp 20,229,0,-29,-17,-30,-41,-22,-43,-33,-43,-41,-6,-17,-12,-22,-19,-21,0,-33,-21,-21,0,0,0,0,7,0,8,0,0,-8,-5,-16,-16,-38,0,0,27,27,27,27,27,27,27,27,27,27,33,27,37,26,30,18,25,21,23,12,31,12,15,14,81,76,159,6,11,2,19,18,18,18,32,31,31,38,64,60,135,141,175,150,302,296,233,268,330,315,289,0,298,283,279,215,313,175,256,224,1458,12,88,101,121,0,0,0,115,95,118,0,0,0,0,0,0,0,0,0,0,0,0,0,0,0,0,0,0,0,0,0,0,39,40,39,39,39,39,38,38,38,39,39,12851,12851,12851,12851,12851,12851,12851,12851,12851,12851,12851,12851,12851,12851,12851,12851,12851,12851,12851,12851,12851,12851,12851,12851,12851,12851,12851,26,26,25,25,25,25,25,25,22,22,22,22,20,20,19,19,19,19,17,17,17,17,16,16,14,14,12,12,12,12,7,10,4,4,0,0,0,0,0,0,0,0,0]} 1. c4 Nf6 2. Nc3 g6 3. Nf3 Bg7 4. g3 O-O 5. Bg2 d6 6. d4 Nbd7 7. O-O e5 8. e4 exd4 9. Nxd4 Re8 10. f3 c6 11. Nc2 {LiveBook: 3 Games. E68: King's Indian: Fianchetto: 6...Nbd7 7 0-0 e5 8 e4} Nb6 12. b3 d5 13. cxd5 {Black is slightly better.} Nfxd5 14. Nxd5 cxd5 15. Rb1 dxe4 16. Qxd8 Rxd8 17. fxe4 Bg4 18. Bg5 Rd7 19. Nb4 h6 20. Be3 Be6 21. Rfd1 Rad8 {[%cal Ba8d8,Bd8d7,Bd7d2][%mdl 32]} 22. Rxd7 Rxd7 23. Rc1 a5 24. Nc2 Nc8 25. Ne1 Nd6 26. Bf2 Nb5 27. e5 Rd2 28. Rc5 Bd7 29. Bxb7 Bf8 $1 {[%cal Rf8c5]} 30. Rd5 Rxd5 31. Bxd5 Nc3 32. Bc4 Nxa2 33. Bb6 Bb4 34. Nd3 Bc3 35. Nf4 Kg7 36. Nd5 Bxe5 37. Bxa5 Be6 38. Bd2 h5 39. Kf2 h4 40. gxh4 Bxd5 (40... Bxh2 $11 41. b4 Nxb4 42. Bxb4 g5) 41. Bxd5 $16 Bxh2 $11 {[%mdl 4096] Endgame KBB-KBN} (41... Nc3 $142 42. Bc6 Kf6) 42. Ke3 $2 (42. b4 $16 Nxb4 43. Bxb4) 42... Bd6 43. Kd4 Nb4 44. Bf3 Be7 45. Kc4 Na6 46. Be1 Kh6 47. Be2 Kg7 48. Bf1 Nc5 (48... Kf8 $14) 49. b4 $16 ({Of course not} 49. Bb4 $6 Nxb3 50. Bc3+ Bf6 $11) 49... Ne4 50. Kd5 Nf6+ $2 {[#]} (50... f5 $16 51. Bd3 Bd8 52. Bxe4 fxe4 53. Kxe4 Kf7) 51. Kc6 $1 $18 Ng4 52. b5 Ne5+ 53. Kd5 Nd7 54. Kc6 Ne5+ 55. Kc7 Bc5 56. Be2 f6 (56... Kf6 {was called for.} 57. b6 Bxb6+ 58. Kxb6 Kf5) 57. Bd2 (57. b6 $142) 57... g5 (57... Kf7 $142 58. b6 Ke6) 58. hxg5 fxg5 $2 (58... Nf7 59. Kc6 Bf2 60. gxf6+ Kxf6 61. Bc3+ Ke7) 59. Bxg5 $2 (59. Bc3 $18 Kg6 60. Bxe5) 59... Kf7 (59... Kg6 $11) 60. Bd1 Ke6 61. Bb3+ (61. Bh4 $16) 61... Kf5 $11 62. Bh6 (62. Bd8 {seems wilder.} Nf3 63. Kc6 Ba7 64. Bc2+ Ke6 65. Kb7) 62... Ke4 (62... Nf3 $1 $11) 63. Be6 (63. Bg7 {with more complications.} Ba7 64. Kb7 Be3 65. Ba2 Nf3 66. Ka6) 63... Kd3 64. b6 (64. Bh3 $16) 64... Bxb6+ $1 65. Kxb6 Ke4 66. Kc5 Nd3+ 67. Kd6 Nf4 68. Ba2 Nd3 69. Bb1 Kd4 70. Bg7+ Ke4 71. Ke6 Ke3 72. Kf5 Nc5 73. Ke5 Nd3+ 74. Kd5 Nf4+ 75. Kc4 Kf3 76. Bh6 Ke3 77. Kc5 Kf3 78. Kd6 Ng2 79. Ke5 Ne3 $2 {[%mdl 8192]} (79... Ke2 $14 80. Ke4 Ne1) 80. Be4+ $18 Ke2 $2 {[%mdl 8192]} (80... Kf2 $14) 81. Bg5 Ng4+ {[#]} 82. Kd4 $1 Nf2 83. Bc6 Ng4 84. Bh4 Nf2 85. Bg5 Ng4 86. Bd8 Nf2 87. Bc7 Ng4 88. Be8 Ne3 89. Ke4 Nc2 90. Bf4 Ne1 91. Be3 Nc2 92. Bh5+ Kf1 93. Bd2 $2 (93. Bg5 $18 Kg2 94. Be7) 93... Kf2 94. Bd1 $2 ({White should try} 94. Kf4 $18 Na3 95. Ke4) 94... Ne1 $11 95. Bh5 Ng2 96. Bb4 Kg3 97. Bc5 Kh4 98. Bf7 (98. Bd1 {looks sharper.}) 98... Kg3 {The position is equal.} 99. Be6 {Threatens to win with Bd5.} Ne1 100. Bd7 Ng2 101. Bd6+ Kf2 102. Bc6 Ne1 103. Be8 {Strongly threatening Bb5.} Ng2 104. Bh5 Ne1 105. Bc5+ Kg3 106. Kd4 {And now Ke4 would win.} Kh4 107. Bf7 Kg3 108. Ke3 Ng2+ 109. Kd2 Nf4 110. Bd6 {Hoping for Ke3.} Kf3 111. Be8 {Bc6+ is the strong threat.} Ke4 112. Bc6+ Nd5 113. Bc5 {Black must now prevent Bb7.} Ke5 114. Kd3 {aiming for Bd4+.} Nf4+ 115. Kc4 {Precision: White = 56%, Black = 59%.} 1/2-1/2

[Event "4th Chessfestival Gredine 2018"]
[Site "Ortisei"]
[Date "2018.06.18"]
[Round "3.5"]
[White "Hecht, Hans-Joachim"]
[Black "Praggnanandhaa R"]
[Result "1/2-1/2"]
[WhiteElo "2327"]
[BlackElo "2529"]
[Annotator "TA"]
[PlyCount "110"]
[EventDate "2018.06.16"]
[EventType "swiss"]
[EventCountry "ITA"]
[SourceTitle "playchess.com"]
[Source "ChessBase"]
[SourceQuality "1"]

{[%evp 24,110,-25,-27,-18,-11,2,0,2,5,19,13,12,7,56,49,63,55,62,58,47,62,76,77,57,34,35,34,34,30,40,27,54,47,71,60,89,0,26,0,0,0,0,-31,-49,-123,0,-106,670,-93,-107,-102,-111,-127,0,-196,-207,-203,-23,-23,-23,-23,0,0,0,0,0,0,0,0,0,0,556,0,0,0,0,0,0,0,0,0,0,0,0,0,0,0,0]} 1. d4 Nf6 2. c4 e6 3. Nc3 Bb4 4. e3 O-O 5. Nge2 d5 6. a3 Be7 7. Nf4 c6 8. Be2 dxc4 9. Bxc4 Nbd7 10. O-O e5 11. Nfe2 exd4 12. exd4 Nb6 {E46: Nimzo-Indian: Rubinstein: 4 e3 0-0 5 Ne2 without early Bd3} 13. Ba2 {LiveBook: 4 Games} Bd6 14. Ng3 Bg4 15. Qd3 Be6 16. Bxe6 fxe6 17. Bg5 Bxg3 18. hxg3 Qd7 (18... e5 $5) 19. Bxf6 Rxf6 20. Rad1 Nd5 21. Ne4 Rh6 22. Rfe1 Rf8 23. Ng5 Rf5 24. f4 Rg6 25. Re5 h6 26. Ne4 b6 27. Qf3 Nf6 28. Nf2 $1 Nd5 29. Nd3 {Strongly threatening Rxf5.} Qd6 30. Re4 (30. g4 $16 Rf8 31. g3) 30... Nf6 $11 31. Ree1 {Threatens to win with Ne5.} Qxd4+ 32. Nf2 Qxb2 33. Qxc6 Kh7 34. Qxe6 ({White should try} 34. Qf3 $15) 34... Rh5 ({Better is} 34... Ra5 $17 35. Ne4 Nxe4 36. Qxe4 Qxa3) 35. Ne4 (35. Qe3 $1 $11) 35... Qxa3 $2 {[%mdl 8192]} (35... Nxe4 $17 36. Qxe4 Qxa3) 36. Nxf6+ $2 (36. f5 $1 $18 {[%cal Rf5g6]} Rxf5 37. Qxf5 Nxe4 38. Qxe4) 36... Rxf6 $17 37. Qe4+ {[#]} Rg6 $1 38. Re3 {[#]} Qc5 (38... Qf8 $1 $17 39. Rc1 Qf5) 39. g4 $2 (39. Rd8 $11 {and White is okay.}) 39... Rh4 $19 40. Rd5 Qc6 $2 (40... Qc1+ $19 41. Kf2 (41. Re1 $2 Qc6 $19) 41... Rhxg4) 41. g3 $11 Rhxg4 42. Kf2 $1 Qf6 43. Qd3 Qb2+ 44. Re2 Qc1 45. Re1 Qc6 46. Re3 $1 b5 47. Rd8 {Ree8 is the strong threat.} Qb6 $2 {[%mdl 8192]} (47... Qc5 $11 {and Black stays safe.} 48. Ke1 Qc1+ 49. Kf2 Qc5) 48. Kf1 $2 $40 {[%mdl 128] White is up to no good.} (48. Qd5 $18 {[%csl Gd8][%cal Rd5g8]} Rf6 49. Qg8+ Kg6 50. Rd7) 48... Qc6 {The position is equal.} 49. Ree8 {[%csl Gd8][%cal Re8h8]} Qh1+ 50. Ke2 {[%csl Gd8][%cal Re8h8]} Qg2+ 51. Kd1 {[%csl Gd8][%cal Re8h8]} Qg1+ 52. Kd2 {[%csl Gd8][%cal Re8h8]} Qf2+ $1 53. Kd1 {[%csl Gd8][%cal Re8h8]} Qg1+ 54. Kc2 {[%csl Gd8][%cal Re8h8]} Qc5+ 55. Kb1 {[%csl Gd8][%cal Re8h8]} Qb4+ $1 {Precision: White = 65%, Black = 41%.} 1/2-1/2